Basic skills for Toef® iBT: Writing 1

में बचाया:
ग्रंथसूची विवरण
मुख्य लेखक: Zeter, Jeff
स्वरूप: पुस्तक
भाषा:Undetermined
प्रकाशित: Compass Publishing 2008
विषय:
टैग : टैग जोड़ें
कोई टैग नहीं, इस रिकॉर्ड को टैग करने वाले पहले व्यक्ति बनें!
Thư viện lưu trữ: Trung tâm Học liệu Trường Đại học Cần Thơ
LEADER 00661nam a2200229Ia 4500
001 CTU_183098
008 210402s9999 xx 000 0 und d
020 |c 136000 
082 |a 428.0076 
082 |b B311/W1 
100 |a Zeter, Jeff 
245 0 |a Basic skills for Toef® iBT: 
245 0 |b Writing 1 
245 0 |c Jeff Zeter 
260 |b Compass Publishing 
260 |c 2008 
650 |a English language,TOEFL iBT,Hướng dẫn học thi Tiếng Anh 
650 |x Study guides 
650 |y Examinations 
904 |i Mã hoá cutter theo tên sách 
910 |a Nguyên 
980 |a Trung tâm Học liệu Trường Đại học Cần Thơ